[Event "Agarr's Free for All 4"]
[Site "SchemingMind.com"]
[Date "2009.04.19"]
[Round "-"]
[White "jtrochez1"]
[Black "agarr"]
[Result "0-1"]
[WhiteCountry "HON"]
[BlackCountry "RUS"]
[WhiteElo "1540"]
[WhiteRD "53"]
[BlackElo "1725"]
[BlackRD "76"]
[GameID "200897"]

1. e4 e5 2. Nf3 Nc6 3. Bc4 Bc5 4. d3 h6 5. Nc3 Nf6 6. h3 O-O 7. a3 d6 8. Be3 Bd4 9. Qd2 Bxe3 10. fxe3 Be6
11. Bxe6 fxe6 12. O-O-O b5 13. Na2 a5 14. g4 Nxe4 15. dxe4 Rxf3 16. Rdf1 Qf6 17. Rxf3 Qxf3 18. Qe1 Rf8 19. Kb1 Qxe4 20. Nc3 Qc4
21. Ne2 b4 22. b3 Qc5 23. a4 Qxe3 24. Nc1 Rf3 25. Qxe3 Rxe3 26. Kb2 Nd4 27. Kb1 Rc3 28. Rh2 e4 29. Na2 Rc5 30. Nc1 d5
31. Na2 e3 32. Nc1 Nf3 33. Re2 d4 34. Nd3 Rc3 35. Ne1 Nxe1 36. Rxe1 e5 37. Re2 Rc6 38. Kb2 Rf6 39. h4 Rf2 40. Re1 Rg2
41. g5 hxg5 42. hxg5 Rxg5 43. Re2 Rf5 44. Rh2 e4 45. Re2 Rf2
0-1

[Event "Agarr's Free for All 4"]
[Site "SchemingMind.com"]
[Date "2009.04.19"]
[Round "-"]
[White "agarr"]
[Black "jtrochez1"]
[Result "1-0"]
[WhiteCountry "RUS"]
[BlackCountry "HON"]
[WhiteElo "1725"]
[WhiteRD "76"]
[BlackElo "1540"]
[BlackRD "53"]
[GameID "200898"]

1. e4 e5 2. Nf3 d6 3. Bc4 h6 4. c3 Qf6 5. d4 Nd7 6. O-O exd4 7. cxd4 c6 8. Re1 b5 9. Bb3 Qd8 10. e5 dxe5
11. dxe5 Nc5 12. Bxf7+ Ke7 13. Qxd8+ Kxd8 14. e6 Be7 15. Ne5 Bxe6 16. Bxe6 Nxe6 17. Nf7+ Kc8 18. Nxh8 Nd4 19. Na3 Kb7 20. Be3 Nf5
21. Ng6 Bf6 22. Rab1 Nxe3 23. Rxe3 a6 24. g3 h5 25. Nf4 Bg5 26. Rbe1 Kb6 27. Re8 Rxe8 28. Rxe8 Nf6 29. Re5 Bxf4 30. gxf4 g6
31. Nc2 Nd7 32. Re6
1-0

[Event "Agarr's Free for All 4"]
[Site "SchemingMind.com"]
[Date "2009.04.19"]
[Round "-"]
[White "MazetaFighter"]
[Black "agarr"]
[Result "1-0"]
[WhiteCountry "GRE"]
[BlackCountry "RUS"]
[WhiteElo "2036"]
[WhiteRD "70"]
[BlackElo "1681"]
[BlackRD "75"]
[GameID "200984"]

1. d4 d5 2. c4 dxc4 3. Nf3 Bf5 4. Nc3 Nf6 5. e3 e6 6. Bxc4 Be7 7. O-O O-O 8. Qe2 Nc6 9. Rd1 Bg6 10. e4 a6
11. Bf4 h6 12. d5 exd5 13. Bxd5 Nxd5 14. Nxd5 Qc8 15. Nxc7 Ra7 16. Nd5 Bc5 17. Rac1
1-0

[Event "Agarr's Free for All 4"]
[Site "SchemingMind.com"]
[Date "2009.04.19"]
[Round "-"]
[White "agarr"]
[Black "MazetaFighter"]
[Result "0-1"]
[WhiteCountry "RUS"]
[BlackCountry "GRE"]
[WhiteElo "1681"]
[WhiteRD "75"]
[BlackElo "2036"]
[BlackRD "70"]
[GameID "200986"]

1. e4 e5 2. Nf3 Nc6 3. d4 exd4 4. Nxd4 Nf6 5. Nxc6 bxc6 6. Bd3 d5 7. e5 Ng4 8. Bf4 g5 9. Bg3 Bg7 10. O-O h5
11. h3 h4 12. Bh2 Nxh2 13. Kxh2 Bxe5+ 14. Kg1 Bxb2 15. Re1+ Be6 16. Bf5 Bxa1 17. Qg4 Rh6 18. Bxe6 Rxe6 19. Rxe6+ fxe6 20. Qxe6+ Qe7
21. Qxc6+ Kf7 22. Qxd5+ Kg7
0-1

[Event "Agarr's Free for All 4"]
[Site "SchemingMind.com"]
[Date "2009.04.22"]
[Round "-"]
[White "R.Leydon"]
[Black "jtrochez1"]
[Result "0-1"]
[WhiteCountry "IRL"]
[BlackCountry "HON"]
[WhiteElo "1448"]
[WhiteRD "71"]
[BlackElo "1534"]
[BlackRD "51"]
[GameID "201602"]

1. d4 d5 2. Nf3 h6 3. c4 e6 4. cxd5 exd5 5. Nc3 c6 6. Bf4 Bd6 7. e3 Nf6 8. Bd3 Bg4 9. O-O O-O 10. h3 Be6
11. Bxd6 Qxd6 12. e4 dxe4 13. Bxe4 Nbd7 14. Qd3 b5 15. h4 Bc4 16. Qc2 Bxf1 17. Ng5 hxg5 18. hxg5 Nxe4 19. Nxe4 Qc7 20. Rxf1 Rfe8
21. Ng3 g6 22. b3 a5 23. d5 c5 24. Qd2 Qd6 25. Qd3 b4 26. Ne4 Qf4 27. f3 Ne5 28. g3 Qxg3+ 29. Nxg3 Nxd3 30. Rd1 Re1+
31. Rxe1 Nxe1 32. f4 Rd8 33. Kf1 Nd3 34. f5 Rxd5
0-1

[Event "Agarr's Free for All 4"]
[Site "SchemingMind.com"]
[Date "2009.04.23"]
[Round "-"]
[White "R.Leydon"]
[Black "agarr"]
[Result "0-1"]
[WhiteCountry "IRL"]
[BlackCountry "RUS"]
[WhiteElo "1448"]
[WhiteRD "71"]
[BlackElo "1681"]
[BlackRD "75"]
[GameID "201603"]

1. d4 d5 2. Nf3 Bf5 3. e3 e6 4. c4 Nf6 5. Nc3 Nc6 6. cxd5 exd5 7. Bd3 Bxd3 8. Qxd3 Bb4 9. O-O Bxc3 10. bxc3 O-O
11. Ba3 Re8 12. Bc5 b6 13. Ba3 Na5 14. Ne5 Nd7 15. e4 Nxe5 16. dxe5 Rxe5 17. exd5 Rxd5 18. Qe3 Rd3 19. Be7 Qd7 20. Rad1 Rxd1
21. Qe2 Rxf1+ 22. Kxf1 Re8
0-1

[Event "Agarr's Free for All 4"]
[Site "SchemingMind.com"]
[Date "2009.04.22"]
[Round "-"]
[White "R.Leydon"]
[Black "MazetaFighter"]
[Result "0-1"]
[WhiteCountry "IRL"]
[BlackCountry "GRE"]
[WhiteElo "1448"]
[WhiteRD "71"]
[BlackElo "2036"]
[BlackRD "70"]
[GameID "201604"]

1. e4 e5 2. Nc3 Nf6 3. Nf3 Nc6 4. d3 d5 5. Bg5 Bb4 6. exd5 Qxd5 7. a3 Bxc3+ 8. bxc3 Bg4 9. c4 Qd6 10. h3 Bxf3
11. Qxf3 Nd4 12. Qxb7 O-O 13. Qb4 Nxc2+
0-1

[Event "Agarr's Free for All 4"]
[Site "SchemingMind.com"]
[Date "2009.04.23"]
[Round "-"]
[White "jtrochez1"]
[Black "R.Leydon"]
[Result "0-1"]
[WhiteCountry "HON"]
[BlackCountry "IRL"]
[WhiteElo "1540"]
[WhiteRD "53"]
[BlackElo "1441"]
[BlackRD "73"]
[GameID "201605"]

1. e4 e5 2. Bc4 Nf6 3. d3 c6 4. Nf3 Bb4+ 5. c3 Bc5 6. h3 d5 7. exd5 Nxd5 8. O-O O-O 9. Nxe5 Nf6 10. Bg5 h6
11. Bh4 Qd6 12. Bg3 Qe7 13. Ng6 Qe8 14. Nxf8 Bxf8 15. Re1 Be6 16. Bxe6 fxe6 17. Qb3 Nd5 18. Qxb7 Nb6 19. Qxa8 Nxa8 20. Nd2 Nd7
21. d4 c5 22. Nf3 Qg6 23. Ne5 Nxe5 24. Bxe5 c4 25. Re2 Nb6 26. Rae1 Nd7 27. f4 Be7 28. Kh1 Bh4 29. Rf1 Qd3 30. Ref2 Bxf2
31. Rxf2 Nxe5 32. fxe5 Qb1+ 33. Kh2 Qxa2 34. Kg3 Qb1 35. Kh2 Qe1 36. Rc2 a5 37. g4 g5 38. Rg2 Qe4 39. Kg3 Qf4#
0-1

[Event "Agarr's Free for All 4"]
[Site "SchemingMind.com"]
[Date "2009.04.23"]
[Round "-"]
[White "agarr"]
[Black "R.Leydon"]
[Result "0-1"]
[WhiteCountry "RUS"]
[BlackCountry "IRL"]
[WhiteElo "1681"]
[WhiteRD "75"]
[BlackElo "1448"]
[BlackRD "71"]
[GameID "201606"]

1. e4 e5 2. Nf3 Nc6 3. Bc4 Nf6 4. O-O Nxe4 5. Re1 Nd6 6. Nxe5 Nxe5 7. Rxe5+ Be7 8. Qe1 Nxc4 9. Re4 d5 10. Re2 O-O
11. Rxe7 Bf5 12. d3 Nb6 13. Bf4 c5 14. Nc3 d4 15. Nb5 Nd5 16. Bc7 Qxe7 17. Qd2 a6 18. Bd6 axb5 19. Bxe7 Nxe7 20. Qg5 f6
21. Qf4 g6 22. g4 Nd5 23. Qd6 Rad8 24. Qxc5 Bxg4 25. Qxd4 Bf3 26. Re1 g5 27. Re6 Nf4 28. Qe3 Nxe6 29. Qxf3 Nd4 30. Qxb7 Rfe8
31. c3 Rb8 32. Qd5+ Kh8 33. Qxd4 Re6 34. Qd7 Ree8 35. d4 Rf8 36. d5 f5 37. b3 f4 38. f3 Rfd8 39. Qc6 h5 40. Qf6+ Kh7
41. Qxg5 Rg8
0-1

[Event "Agarr's Free for All 4"]
[Site "SchemingMind.com"]
[Date "2009.04.23"]
[Round "-"]
[White "MazetaFighter"]
[Black "R.Leydon"]
[Result "1-0"]
[WhiteCountry "GRE"]
[BlackCountry "IRL"]
[WhiteElo "2012"]
[WhiteRD "79"]
[BlackElo "1410"]
[BlackRD "72"]
[GameID "201607"]

1. e4 e5 2. Nf3 Nf6 3. Nxe5 Qe7 4. d4 Nxe4 5. Bd3 d5 6. O-O Bf5 7. f3 Nd6 8. Bxf5 Nxf5 9. Re1 Kd8 10. Nc6+ Nxc6
11. Rxe7 Bxe7 12. Nc3 Ncxd4 13. Nxd5 Bd6 14. c3 Ne6 15. Nf4 Re8 16. Nxe6+ Rxe6 17. Qd5 Re5 18. Qxf7 h6 19. Bf4 Bc5+ 20. Kf1 Nd6
21. Rd1 Rf5 22. Qxf5 Ke7 23. Re1+ Kd8 24. Qf8+ Ne8 25. Qxe8#
1-0

[Event "Agarr's Free for All 4"]
[Site "SchemingMind.com"]
[Date "2009.04.24"]
[Round "-"]
[White "Darnell"]
[Black "jtrochez1"]
[Result "0-1"]
[WhiteCountry "CAN"]
[BlackCountry "HON"]
[WhiteElo "1526"]
[WhiteRD "80"]
[BlackElo "1534"]
[BlackRD "51"]
[GameID "201638"]

1. Nf3 Nc6 2. e4 e5 3. Bc4 d6 4. d4 exd4 5. c3 h6 6. cxd4 Bg4 7. O-O Bxf3 8. Qxf3 Qf6 9. Qxf6 Nxf6 10. Nc3 Nxd4
11. f4 Ne6 12. e5 dxe5 13. fxe5 Nd7 14. Nd5 O-O-O 15. Rxf7 Nxe5 16. Nb6+ axb6
0-1

[Event "Agarr's Free for All 4"]
[Site "SchemingMind.com"]
[Date "2009.04.23"]
[Round "-"]
[White "Darnell"]
[Black "agarr"]
[Result "0-1"]
[WhiteCountry "CAN"]
[BlackCountry "RUS"]
[WhiteElo "1526"]
[WhiteRD "80"]
[BlackElo "1681"]
[BlackRD "75"]
[GameID "201639"]

1. e4 e5 2. Nf3 Nc6 3. Bc4 Bc5 4. O-O Nf6 5. b4 Bxb4 6. c3 Ba5 7. Qb3 Qe7 8. d4 Nxe4 9. Re1 f5 10. Rxe4 fxe4
11. Bg5 Qf8 12. Nxe5 Nxe5 13. dxe5 Bb6 14. Qc2 Qf5
0-1

[Event "Agarr's Free for All 4"]
[Site "SchemingMind.com"]
[Date "2009.04.23"]
[Round "-"]
[White "Darnell"]
[Black "R.Leydon"]
[Result "1-0"]
[WhiteCountry "CAN"]
[BlackCountry "IRL"]
[WhiteElo "1526"]
[WhiteRD "80"]
[BlackElo "1448"]
[BlackRD "71"]
[GameID "201640"]

1. e4 e5 2. Nf3 Nc6 3. Bc4 Nf6 4. Ng5 d5 5. exd5 Nxd5 6. d4 Nxd4 7. c3 Ne6 8. Nxf7 Kxf7 9. Bxd5 Ke8 10. Qh5+ Ke7
11. Qxe5 Qd6 12. Qe4 c6 13. Bg5+ Ke8 14. Bb3 h6 15. Bh4 b6 16. O-O Kd7 17. Rd1 Nc5 18. Rxd6+ Bxd6 19. Qg4+ Kc7 20. Qxg7+ Bd7
21. Bg3 Rae8 22. Bxd6+ Kxd6 23. Nd2 Ne6 24. Ne4+ Kc7 25. Bxe6 Rxe6 26. Nc5
1-0

[Event "Agarr's Free for All 4"]
[Site "SchemingMind.com"]
[Date "2009.04.24"]
[Round "-"]
[White "jtrochez1"]
[Black "Darnell"]
[Result "1-0"]
[WhiteCountry "HON"]
[BlackCountry "CAN"]
[WhiteElo "1534"]
[WhiteRD "51"]
[BlackElo "1526"]
[BlackRD "80"]
[GameID "201642"]

1. e4 d5 2. exd5 Nf6 3. Nc3 Nxd5 4. d4 g6 5. Nf3 Bg7 6. Nxd5 Qxd5 7. c3 O-O 8. h3 c5 9. Be3 Nc6 10. b3 cxd4
11. cxd4 b5 12. Rc1 Bb7 13. Rc5 Qd7 14. Bxb5 a6 15. Ba4 Rad8 16. O-O
1-0

[Event "Agarr's Free for All 4"]
[Site "SchemingMind.com"]
[Date "2009.04.23"]
[Round "-"]
[White "agarr"]
[Black "Darnell"]
[Result "1-0"]
[WhiteCountry "RUS"]
[BlackCountry "CAN"]
[WhiteElo "1681"]
[WhiteRD "75"]
[BlackElo "1526"]
[BlackRD "80"]
[GameID "201643"]

1. e4 d5 2. exd5 Qxd5 3. Nc3 Qa5 4. Nf3 Nf6 5. Bc4 e5 6. O-O Bd6 7. d3 c6 8. Re1 O-O 9. Bd2 Qc7 10. Bg5 Nbd7
11. Bxf6 Nxf6 12. h3 Be6 13. Bxe6 fxe6 14. Ne4
1-0

[Event "Agarr's Free for All 4"]
[Site "SchemingMind.com"]
[Date "2009.04.23"]
[Round "-"]
[White "R.Leydon"]
[Black "Darnell"]
[Result "0-1"]
[WhiteCountry "IRL"]
[BlackCountry "CAN"]
[WhiteElo "1448"]
[WhiteRD "71"]
[BlackElo "1526"]
[BlackRD "80"]
[GameID "201644"]

1. e4 d5 2. d4 dxe4 3. Nc3 e5 4. Nxe4 exd4 5. Nf3 Bg4 6. Be2 Nc6 7. h3 Bf5 8. Nc5 Bxc5 9. O-O Qd6 10. g3 Bxh3
11. Re1 O-O-O 12. Ng5 Be6 13. Bf4 Qe7 14. b3 Kb8 15. Qd3 h6 16. Ne4 Bf5 17. Bf3 Nf6 18. a3 Rde8 19. b4 Bb6 20. c3 Nxe4
21. cxd4 Nxd4 22. Be3 Nxf3+ 23. Kf1 Nxg3+ 24. fxg3 Bxd3+
0-1

[Event "Agarr's Free for All 4"]
[Site "SchemingMind.com"]
[Date "2009.04.23"]
[Round "-"]
[White "MazetaFighter"]
[Black "Darnell"]
[Result "1-0"]
[WhiteCountry "GRE"]
[BlackCountry "CAN"]
[WhiteElo "2036"]
[WhiteRD "70"]
[BlackElo "1526"]
[BlackRD "80"]
[GameID "201645"]

1. e4 d5 2. exd5 Nf6 3. d4 Nxd5 4. c4 Nb6 5. Nf3 g6 6. h3 Bg7 7. Nc3 O-O 8. Be3 Re8 9. Qd2 e5 10. dxe5 Qxd2+
11. Kxd2 Be6 12. Bxb6
1-0

[Event "Agarr's Free for All 4"]
[Site "SchemingMind.com"]
[Date "2009.04.24"]
[Round "-"]
[White "lucho-sc"]
[Black "jtrochez1"]
[Result "0-1"]
[WhiteCountry "URU"]
[BlackCountry "HON"]
[WhiteElo "1035"]
[WhiteRD "76"]
[BlackElo "1534"]
[BlackRD "51"]
[GameID "201650"]

1. e4 e5 2. Nf3 d6 3. d4 Bg4 4. dxe5 Bxf3 5. Qxf3 dxe5 6. Bc4 Nf6 7. Bg5 Be7 8. O-O Nbd7 9. Nc3 O-O 10. Qg3 c6
11. Rad1 Nh5 12. Qd3 Bxg5 13. Qg3 Nxg3 14. hxg3 Qc7
0-1

[Event "Agarr's Free for All 4"]
[Site "SchemingMind.com"]
[Date "2009.04.23"]
[Round "-"]
[White "lucho-sc"]
[Black "agarr"]
[Result "0-1"]
[WhiteCountry "URU"]
[BlackCountry "RUS"]
[WhiteElo "1075"]
[WhiteRD "75"]
[BlackElo "1725"]
[BlackRD "76"]
[GameID "201651"]

1. e4 e5 2. Nf3 Nc6 3. Bb5 Bc5 4. O-O d6 5. Bxc6+ bxc6 6. c3 Bg4 7. h3 Bh5 8. d4 exd4 9. cxd4 Bxf3 10. Qxf3 Bxd4
11. Be3 Bxb2 12. Nd2 Bxa1 13. Rxa1 Qf6 14. Bf4 Ne7
0-1

[Event "Agarr's Free for All 4"]
[Site "SchemingMind.com"]
[Date "2009.04.23"]
[Round "-"]
[White "lucho-sc"]
[Black "R.Leydon"]
[Result "0-1"]
[WhiteCountry "URU"]
[BlackCountry "IRL"]
[WhiteElo "1035"]
[WhiteRD "76"]
[BlackElo "1448"]
[BlackRD "71"]
[GameID "201652"]

1. e4 e5 2. Nf3 Nc6 3. Bb5 d5 4. c3 dxe4 5. Nxe5 Qd5 6. Bxc6+ bxc6 7. d4 f6 8. c4 Qe6 9. Qa4 Bd7 10. c5 fxe5
11. f3 exd4 12. Qxd4 exf3+ 13. Qe3 fxg2 14. Rg1 Bxc5
0-1

[Event "Agarr's Free for All 4"]
[Site "SchemingMind.com"]
[Date "2009.04.23"]
[Round "-"]
[White "lucho-sc"]
[Black "MazetaFighter"]
[Result "0-1"]
[WhiteCountry "URU"]
[BlackCountry "GRE"]
[WhiteElo "1035"]
[WhiteRD "76"]
[BlackElo "2036"]
[BlackRD "70"]
[GameID "201653"]

1. e4 e5 2. Nf3 Nc6 3. Bb5 a6 4. Bxc6 dxc6 5. O-O f6 6. d4 exd4 7. Nxd4 c5 8. c3 cxd4 9. Qxd4 Be6 10. Bf4 Qxd4
11. cxd4 O-O-O 12. Rc1 Bd6 13. Bg3 Bxg3 14. fxg3 Rxd4 15. Nc3 Ne7 16. Ne2 Rd2 17. Nf4 Bf7 18. Rc3 Rhd8 19. Rac1 Rd1+ 20. Rxd1 Rxd1+
0-1

[Event "Agarr's Free for All 4"]
[Site "SchemingMind.com"]
[Date "2009.04.23"]
[Round "-"]
[White "lucho-sc"]
[Black "Darnell"]
[Result "0-1"]
[WhiteCountry "URU"]
[BlackCountry "CAN"]
[WhiteElo "1035"]
[WhiteRD "76"]
[BlackElo "1526"]
[BlackRD "80"]
[GameID "201654"]

1. e4 e5 2. Nf3 Nc6 3. Nc3 Nf6 4. Bc4 Nxe4 5. Nxe4 d5 6. Bxd5 Qxd5 7. d3 Bg4 8. h3 Bh5 9. Bh6 O-O-O 10. c4 Qxd3
11. Qd2 Qxe4+ 12. Qe3 Bxf3 13. gxf3 Bb4+ 14. Kf1 Qxc4+ 15. Kg2 gxh6 16. Qxh6 Rd6 17. Qg7 Rg6+
0-1

[Event "Agarr's Free for All 4"]
[Site "SchemingMind.com"]
[Date "2009.04.25"]
[Round "-"]
[White "jtrochez1"]
[Black "lucho-sc"]
[Result "1-0"]
[WhiteCountry "HON"]
[BlackCountry "URU"]
[WhiteElo "1534"]
[WhiteRD "51"]
[BlackElo "1035"]
[BlackRD "76"]
[GameID "201655"]

1. e4 e5 2. Bc4 Bc5 3. Nf3 Nc6 4. d3 d6 5. h3 Nf6 6. Bg5 h6 7. Bh4 g5 8. Bg3 g4 9. Ng1 Qe7 10. Nc3 Bb4
11. a3 Ba5 12. b4 Bb6 13. Na4 Nh5 14. Bh2 Be6 15. Nxb6 cxb6 16. Bxe6 fxe6 17. Qxg4 Qf7 18. Qe2 Nd4 19. Qd2
1-0

[Event "Agarr's Free for All 4"]
[Site "SchemingMind.com"]
[Date "2009.04.23"]
[Round "-"]
[White "agarr"]
[Black "lucho-sc"]
[Result "1-0"]
[WhiteCountry "RUS"]
[BlackCountry "URU"]
[WhiteElo "1725"]
[WhiteRD "76"]
[BlackElo "1075"]
[BlackRD "75"]
[GameID "201656"]

1. e4 e5 2. Nf3 Nf6 3. Nxe5 d6 4. Nf3 Bg4 5. d3 c5 6. Be2 Qa5+ 7. Bd2 Qb6 8. b3 d5 9. exd5 Bd6 10. O-O Nbd7
11. c4 O-O 12. h3 Bh5 13. Nh2 Qc7 14. Ng4
1-0

[Event "Agarr's Free for All 4"]
[Site "SchemingMind.com"]
[Date "2009.04.23"]
[Round "-"]
[White "R.Leydon"]
[Black "lucho-sc"]
[Result "1-0"]
[WhiteCountry "IRL"]
[BlackCountry "URU"]
[WhiteElo "1448"]
[WhiteRD "71"]
[BlackElo "1035"]
[BlackRD "76"]
[GameID "201657"]

1. e4 e5 2. d4 exd4 3. Qxd4 Nc6 4. Qd1 Bb4+ 5. c3 Bc5 6. Bc4 Ne5 7. Qd5 d6 8. Ne2 Nf6 9. Bg5 Be6 10. Qxb7 Rb8
11. Qa6 Nxc4 12. Qa4+ Qd7 13. Qc2 Nxb2 14. O-O Qb5 15. a4 Qc4 16. Bc1 Qd3 17. Qxd3 Nxd3 18. Bf4 Rb2 19. Nc1 Nxe4 20. Nxd3
1-0

[Event "Agarr's Free for All 4"]
[Site "SchemingMind.com"]
[Date "2009.04.23"]
[Round "-"]
[White "MazetaFighter"]
[Black "lucho-sc"]
[Result "1-0"]
[WhiteCountry "GRE"]
[BlackCountry "URU"]
[WhiteElo "2036"]
[WhiteRD "70"]
[BlackElo "1035"]
[BlackRD "76"]
[GameID "201658"]

1. e4 e5 2. Nf3 Nf6 3. Nxe5 d6 4. Nf3 Bg4 5. Nc3 Be7 6. Be2 O-O 7. O-O d5 8. e5 Ne4 9. d3 Nxc3 10. bxc3 Nc6
11. d4 Bh4 12. Nxh4 Qxh4 13. Bxg4 Rae8 14. Ba3 Ne7 15. g3 Qg5 16. f4 Qg6 17. Bd7
1-0

[Event "Agarr's Free for All 4"]
[Site "SchemingMind.com"]
[Date "2009.04.23"]
[Round "-"]
[White "Darnell"]
[Black "lucho-sc"]
[Result "1-0"]
[WhiteCountry "CAN"]
[BlackCountry "URU"]
[WhiteElo "1526"]
[WhiteRD "80"]
[BlackElo "1035"]
[BlackRD "76"]
[GameID "201659"]

1. e4 e5 2. Nf3 Nf6 3. Nxe5 d6 4. Nxf7 Kxf7 5. Qf3 d5 6. e5 Bg4 7. Qf4 h6 8. exf6 gxf6 9. Qxg4 Rg8 10. Qh5+ Rg6
11. Bd3 Qe7+ 12. Kd1 Ke6 13. Re1+
1-0

[Event "Agarr's Free for All 4"]
[Site "SchemingMind.com"]
[Date "2009.04.24"]
[Round "-"]
[White "maro"]
[Black "jtrochez1"]
[Result "1-0"]
[WhiteCountry "MEX"]
[BlackCountry "HON"]
[WhiteElo "1335"]
[WhiteRD "48"]
[BlackElo "1534"]
[BlackRD "51"]
[GameID "201747"]

1. d4 d5 2. c4 e6 3. c5 c6 4. Bf4 Nf6 5. Nf3 h6 6. Ne5 Nbd7 7. g3 Nxe5 8. Bxe5 Be7 9. Bh3 b6 10. b4 b5
11. a4 Ba6 12. a5 O-O 13. e3 Ne4 14. Bxg7 Kxg7 15. Nd2 Nxd2 16. Qxd2 f5 17. g4 fxg4 18. Bxg4 Bc8 19. O-O-O Bh4 20. f4 Bd7
21. Rhg1 Kh8 22. Bh5 Be8 23. Qg2 Bxh5 24. Qg7#
1-0

[Event "Agarr's Free for All 4"]
[Site "SchemingMind.com"]
[Date "2009.04.23"]
[Round "-"]
[White "maro"]
[Black "agarr"]
[Result "0-1"]
[WhiteCountry "MEX"]
[BlackCountry "RUS"]
[WhiteElo "1335"]
[WhiteRD "48"]
[BlackElo "1681"]
[BlackRD "75"]
[GameID "201748"]

1. e4 e5 2. Nf3 Nc6 3. c3 Nf6 4. Bd3 Bc5 5. Qe2 O-O 6. Bc4 d5 7. exd5 Nxd5 8. O-O Nf4 9. Qe4 Qf6 10. d4 exd4
11. cxd4 Bxd4 12. Nxd4 Nxd4 13. Bxf4 Bf5 14. Qxb7 Nc2 15. Nc3 Nxa1 16. Rxa1 Rab8 17. Qxc7 Rxb2 18. Nd5 Qd4 19. g3 Qxf2+ 20. Kh1 Qxh2#
0-1

[Event "Agarr's Free for All 4"]
[Site "SchemingMind.com"]
[Date "2009.04.23"]
[Round "-"]
[White "maro"]
[Black "lucho-sc"]
[Result "1-0"]
[WhiteCountry "MEX"]
[BlackCountry "URU"]
[WhiteElo "1335"]
[WhiteRD "48"]
[BlackElo "1035"]
[BlackRD "76"]
[GameID "201749"]

1. Nc3 e5 2. d4 exd4 3. Qxd4 Nc6 4. Qc4 d6 5. Nf3 Be6 6. Nd5 Ne5 7. Nxc7+ Ke7 8. Bg5+ Nf6 9. Bxf6+ gxf6 10. Nd5+ Kd7
11. Nxe5+ dxe5 12. Qb5+ Kd6 13. O-O-O Bh6+ 14. e3 a6 15. Qb4+ Kc6 16. Qc4+ Kd7 17. Nb6+
1-0

[Event "Agarr's Free for All 4"]
[Site "SchemingMind.com"]
[Date "2009.04.23"]
[Round "-"]
[White "maro"]
[Black "R.Leydon"]
[Result "0-1"]
[WhiteCountry "MEX"]
[BlackCountry "IRL"]
[WhiteElo "1335"]
[WhiteRD "48"]
[BlackElo "1448"]
[BlackRD "71"]
[GameID "201750"]

1. Nf3 d5 2. e3 Bf5 3. d3 e6 4. h3 Nc6 5. g4 Bg6 6. d4 Be4 7. Bg2 a5 8. Qe2 Nf6 9. Qb5 Ra7 10. a4 Bb4+
11. c3 Bd6 12. c4 Bd3 13. Qb3 dxc4 14. Qb5 O-O 15. b3 Nb4 16. Kd2 h6 17. Nc3 c6 18. Qxb4 Bxb4 19. Ne5 Bxc3+ 20. Kxc3 b5
21. axb5 cxb5 22. Nc6 b4+ 23. Kd2 c3+ 24. Kxd3 Qa8 25. Ne7+ Kh8 26. Bxa8 Raxa8 27. Nc6 Rfc8 28. Ne5 c2 29. Nxf7+ Kg8 30. Nd6 Rc3+
31. Kd2 Ra6 32. Nc4 Ne4+ 33. Ke2 Rxb3 34. Nxa5 Nc3+ 35. Kd2 Rb1 36. Rxb1 cxb1=Q
0-1

[Event "Agarr's Free for All 4"]
[Site "SchemingMind.com"]
[Date "2009.04.23"]
[Round "-"]
[White "maro"]
[Black "MazetaFighter"]
[Result "0-1"]
[WhiteCountry "MEX"]
[BlackCountry "GRE"]
[WhiteElo "1353"]
[WhiteRD "49"]
[BlackElo "2012"]
[BlackRD "79"]
[GameID "201751"]

1. e3 e5 2. Bd3 d5 3. Ne2 Nf6 4. b3 e4 5. Bb5+ c6 6. Ba6 Nxa6 7. Nbc3 Bd6 8. O-O Qe7 9. a4 Bg4 10. h3 Qe5
11. g3 Bxh3 12. Re1 Bg4 13. Bb2 Bf3 14. Qb1 Qh5
0-1

[Event "Agarr's Free for All 4"]
[Site "SchemingMind.com"]
[Date "2009.04.24"]
[Round "-"]
[White "maro"]
[Black "Darnell"]
[Result "0-1"]
[WhiteCountry "MEX"]
[BlackCountry "CAN"]
[WhiteElo "1353"]
[WhiteRD "49"]
[BlackElo "1610"]
[BlackRD "116"]
[GameID "201752"]

1. d4 d5 2. c4 c6 3. c5 e5 4. Nf3 e4 5. Ne5 f6 6. e3 Ne7 7. Qh5+ g6 8. Qh4 fxe5 9. Qf6 Rg8 10. dxe5 Bg7
11. Qd6 Qxd6 12. cxd6 Nf5 13. f4 exf3 14. gxf3 Bxe5 15. f4 Bg7 16. Nc3 Nxd6 17. e4 Nxe4 18. Nxe4 dxe4 19. h4 Bf5 20. Bc4 Rf8
21. Be3 Nd7 22. O-O-O Nb6 23. Bb3 Bg4 24. Rd6 Rf6 25. Rxf6 Bxf6
0-1

[Event "Agarr's Free for All 4"]
[Site "SchemingMind.com"]
[Date "2009.04.24"]
[Round "-"]
[White "jtrochez1"]
[Black "maro"]
[Result "1-0"]
[WhiteCountry "HON"]
[BlackCountry "MEX"]
[WhiteElo "1540"]
[WhiteRD "53"]
[BlackElo "1333"]
[BlackRD "51"]
[GameID "201753"]

1. e4 e5 2. Bc4 Bc5 3. Nf3 d6 4. h3 Nf6 5. Nc3 O-O 6. d3 h6 7. Qe2 Nc6 8. Be3 Bxe3 9. Qxe3 a6 10. Qe2 b5
11. Bb3 Nd4 12. Nxd4 exd4 13. Nb1 Qe7 14. Nd2 Be6 15. Bxe6 Qxe6 16. Nb3 c5 17. O-O c4 18. dxc4 bxc4 19. Nxd4 Qe5 20. c3 d5
21. Nf3 Qe7 22. Rfe1 dxe4 23. Nd4 Rfe8 24. Nf5 Qc5 25. Ne3 Nd5 26. Nxd5 Qxd5 27. Rad1 Qg5 28. Qxc4 e3 29. f3 e2 30. Rxe2 Rxe2
31. Qxe2 Qc5+ 32. Qf2 Qc4 33. a3 Qb3 34. Rd2 Re8 35. Kh2 Re5 36. Qd4 Re1 37. Qb4 Qe6 38. Qf4 g5 39. Rd8+ Kg7 40. Qd4+ f6
41. Qd7+ Qxd7 42. Rxd7+ Kg6 43. Rd6 Rb1 44. b4
1-0

[Event "Agarr's Free for All 4"]
[Site "SchemingMind.com"]
[Date "2009.04.23"]
[Round "-"]
[White "agarr"]
[Black "maro"]
[Result "1-0"]
[WhiteCountry "RUS"]
[BlackCountry "MEX"]
[WhiteElo "1681"]
[WhiteRD "75"]
[BlackElo "1335"]
[BlackRD "48"]
[GameID "201754"]

1. e4 e5 2. Nf3 Nf6 3. Nxe5 Qe7 4. Nf3 Qxe4+ 5. Be2 Bc5 6. Nc3 Bxf2+ 7. Kxf2 Ng4+ 8. Kg1 Qg6 9. Nh4 Qb6+ 10. d4 d6
11. Bxg4 Bxg4 12. Qxg4 Nd7 13. Bg5 Ne5 14. Qe2 Qxd4+ 15. Qe3 Qg4 16. Nd5 O-O 17. h3 Qh5 18. g4 Nxg4 19. hxg4 Qxg4+ 20. Ng2 Rfe8
21. Ne7+ Rxe7 22. Qxe7 Qd4+ 23. Ne3 g6 24. Bf6
1-0

[Event "Agarr's Free for All 4"]
[Site "SchemingMind.com"]
[Date "2009.04.23"]
[Round "-"]
[White "lucho-sc"]
[Black "maro"]
[Result "0-1"]
[WhiteCountry "URU"]
[BlackCountry "MEX"]
[WhiteElo "1088"]
[WhiteRD "85"]
[BlackElo "1353"]
[BlackRD "49"]
[GameID "201755"]

1. e4 d5 2. exd5 Qxd5 3. Nc3 Qe6+ 4. Be2 Nf6 5. Nf3 Nc6 6. O-O g6 7. Ng5 Qe5 8. h4 e6 9. b3 Bd6 10. Bb5 Qh2#
0-1